| 000 | 01178nam a2200265Ia 4500 | ||
|---|---|---|---|
| 001 | 23779 | ||
| 003 | GE_BSU | ||
| 008 | 181216s||||||||xx |||||||||||||| ||und|| | ||
| 020 | _a9789941035012(სამივე წიგნის) 9789941035029 (პირველი წიგნის) | ||
| 040 | _cGE_BSU | ||
| 080 | _a811.353.1+811.341+81 | ||
| 100 | _aმესხი, ანა. | ||
| 245 | _aქართველურ-შუმერულ-ეგვიპტური ლინგვოკულტუროლოგია წ.1 | ||
| 245 | _cრედ:გიორგი გრიგოლაშვილი | ||
| 260 | _aთბილისი | ||
| 260 | _bმწიგნობარი | ||
| 260 | _c2011 | ||
| 300 | _a580გვ; ილ,23სმ. | ||
| 300 | _bბიბლიოგრაფ.გვ:534-545 | ||
| 541 | _h10ლ. | ||
| 653 | _aლინგვოკულტუროლოგია | ||
| 653 | _aქართველურ და შუმერული ენა | ||
| 653 | _aქართველურ-შუმერულ-ეგვიპტური ლინგვოკულტუროლოგია წ.1 | ||
| 942 | _cBK | ||
| 999 |
_c56657 _d56657 |
||